Маркетинговые основы стратегического планирования: теория, методология, практика

Dades bibliogràfiques
Autor principal: Шкардун В. Д. Владимир Дмитриевич
Sumari:Основная идея книги заключается в том, что разработка четкой маркетинговой стратегии в настоящий момент является наиболее доступным способом увеличения нематериальных активов предприятия, требующим не масштабных инвестиций, а систематизации знаний о рынке и внедрения системы стратегического управления на предприятии. Маркетинг рассматривается как идеологическая, информационная, организационная и методологическая основа для стратегического планирования. Представлены многочисленные примеры построения маркетинговых систем и стратегий для российских предприятий. Многие методические материалы публикуются впервые. Книга адресуется, прежде всего, руководителям предприятий, стремящимся улучшить рыночную ориентацию своего бизнеса, практикующим маркетологам, а также студентам и преподавателям экономических вузов.
Idioma:rus
Publicat: Москва, Дело, 2007
Edició:2-е изд.
Matèries:
Format: MixedMaterials Llibre
KOHA link:https://koha.lib.tpu.ru/cgi-bin/koha/opac-detail.pl?biblionumber=104991

MARC

LEADER 00000nam0a2200000 4500
001 104991
005 20231101214600.0
010 |a 5774904490 
035 |a (RuTPU)RU\TPU\book\113232 
090 |a 104991 
100 |a 20061110d2007 km y0rusy50 ca 
101 0 |a rus 
102 |a RU 
105 |a a z 001zy 
200 1 |a Маркетинговые основы стратегического планирования: теория, методология, практика  |f В. Д. Шкардун 
205 |a 2-е изд. 
210 |a Москва  |c Дело  |d 2007 
215 |a 376 с.  |c ил. 
320 |a Библиогр.: с. 355-359. 
320 |a Глоссарий: с. 360-375. 
330 |a Основная идея книги заключается в том, что разработка четкой маркетинговой стратегии в настоящий момент является наиболее доступным способом увеличения нематериальных активов предприятия, требующим не масштабных инвестиций, а систематизации знаний о рынке и внедрения системы стратегического управления на предприятии. Маркетинг рассматривается как идеологическая, информационная, организационная и методологическая основа для стратегического планирования. Представлены многочисленные примеры построения маркетинговых систем и стратегий для российских предприятий. Многие методические материалы публикуются впервые. Книга адресуется, прежде всего, руководителям предприятий, стремящимся улучшить рыночную ориентацию своего бизнеса, практикующим маркетологам, а также студентам и преподавателям экономических вузов. 
606 1 |a Бизнес-планирование  |2 stltpush  |3 (RuTPU)RU\TPU\subj\68359  |9 83748 
610 1 |a экономика 
610 1 |a предприятия 
610 1 |a планирование 
610 1 |a стратегическое планирование 
610 1 |a маркетинг 
610 1 |a миссия 
610 1 |a оценка 
610 1 |a эффективность 
610 1 |a стратегическая информация 
610 1 |a маркетинговая информационная система 
610 1 |a методы 
610 1 |a маркетинговый анализ 
610 1 |a корпоративная стратегия 
610 1 |a маркетинговый аудит 
686 |a У9(2)29-23  |v LBC/SL-A  |2 rubbk 
686 |a У9(2)212.4  |v LBC/SL-A  |2 rubbk 
700 1 |a Шкардун  |b В. Д.  |g Владимир Дмитриевич 
801 1 |a RU  |b 63413507  |c 20061110  |g PSBO 
801 2 |a RU  |b 63413507  |c 20220331  |g PSBO 
942 |c BK 
959 |a 90/20061025  |d 1  |e 246,00  |f ЧЗГЛ:1 
959 |a 47/20070604  |d 1  |e 297,00  |f АНЛ:1